00000000nam 2200000zi 4500
0019.913518
003CaOODSP
00520241119124432
006m     o  d f      
007cr mn|||||||||
008220718t20222022onca    o    f000 0 eng d
020 |a9780660446387
020 |z978066044638 |q(incorrect)
040 |aCaOODSP|beng|erda|cCaOODSP
043 |an-cn---
0861 |aA22-675/2022E-PDF
24500|aGrow with us at Agriculture and Agri-Food Canada (AAFC).
264 1|a[Ottawa] : |bAgriculture and Agri-Food Canada = Agriculture et agroalimentaire Canada, |c[2022]
264 4|c©2022
300 |a1 online resource (1 page) : |bcolour illustrations
336 |atext|btxt|2rdacontent
337 |acomputer|bc|2rdamedia
338 |aonline resource|bcr|2rdacarrier
500 |a"AAFC No. 13127E."
61010|aCanada. |bAgriculture and Agri-Food Canada|xPositions.
61010|aCanada. |bAgriculture and Agri-Food Canada|xOfficials and employees|xRecruiting.
61016|aCanada. |bAgriculture et agroalimentaire Canada|xEmplois.
61016|aCanada. |bAgriculture et agroalimentaire Canada|xFonctionnaires|xRecrutement.
7101 |aCanada. |bAgriculture and Agri-Food Canada, |eissuing body.
77508|tCultivez notre avenir.|w(CaOODSP)9.913519
85640|qPDF|s1.01 MB|uhttps://publications.gc.ca/collections/collection_2024/aac-aafc/A22-675-2022-eng.pdf
986 |a13127E